ՀՀ Գիտությունների ազգային ակադեմիայի հիմնարար գիտական գրադարան  =   Fundamental Scientific Library of NAS RA

Catalogue des figurines antiques de terre cuite du Musée du Louvre / (Record no. 377601)

MARC details
000 -LEADER
fixed length control field 01029nam a2200253 a 4500
001 - CONTROL NUMBER
control field 001186531
003 - CONTROL NUMBER IDENTIFIER
control field AM-YeHGA
005 - DATE AND TIME OF LATEST TRANSACTION
control field 20250617152800.0
008 - FIXED-LENGTH DATA ELEMENTS--GENERAL INFORMATION
fixed length control field 161102s1882 fr r 000 0 fre d
040 ## - CATALOGING SOURCE
Original cataloging agency AM-YeHGA
041 0# - LANGUAGE CODE
Language code of text/sound track or separate title fre
090 ## - LOCALLY ASSIGNED LC-TYPE CALL NUMBER (OCLC); LOCAL CALL NUMBER (RLIN)
-- 379513
110 2# - MAIN ENTRY--CORPORATE NAME
Corporate name or jurisdiction name as entry element Musée du Louvre
Subordinate unit Département des antiquités orientales
245 10 - TITLE STATEMENT
Title Catalogue des figurines antiques de terre cuite du Musée du Louvre /
Statement of responsibility, etc. par Léon Heuzey.
260 ## - PUBLICATION, DISTRIBUTION, ETC.
Place of publication, distribution, etc. Paris :
Name of publisher, distributor, etc. Librairies-Imprimeries Réunies,
Date of publication, distribution, etc. [1882].
300 ## - PHYSICAL DESCRIPTION
Extent 248 p.
500 ## - GENERAL NOTE
General note In the same book : Ornament die Formen der angewandten Kunst ( Hauptwerke der Bibliothek des Kunstgewerbe=Museums H. 4.)
504 ## - BIBLIOGRAPHY, ETC. NOTE
Bibliography, etc. note Includes bibliogr. references
610 24 - SUBJECT ADDED ENTRY--CORPORATE NAME
Corporate name or jurisdiction name as entry element Musée du Louvre
General subdivision Catalogs
610 24 - SUBJECT ADDED ENTRY--CORPORATE NAME
Corporate name or jurisdiction name as entry element Musée du Louvre
General subdivision Archaeological collections
650 14 - SUBJECT ADDED ENTRY--TOPICAL TERM
Topical term or geographic name entry element Terra-cotta sculpture
Geographic subdivision France
-- Paris
700 1# - ADDED ENTRY--PERSONAL NAME
Personal name Heuzey, Léon Alexandre
Dates associated with a name 1831-1922.
740 02 - ADDED ENTRY--UNCONTROLLED RELATED/ANALYTICAL TITLE
Uncontrolled related/analytical title Ornament die Formen der angewandten Kunst ( Hauptwerke der Bibliothek des Kunstgewerbe=Museums H. 4.)
Holdings
Withdrawn status Lost status Source of classification or shelving scheme Damaged status Not for loan Collection Home library Current library Date acquired Total checkouts Full call number Barcode Date last seen Price effective from Koha item type Public note
    Universal Decimal Classification     Levonyan Individual Collection Fundamental Scientific Library Fundamental Scientific Library 11/01/2017   LEV/628-27 FL0431376 11/01/2017 11/01/2017 Գրքեր / Books ILL Non-Circ.


ՀՀ ԳԱԱ հիմնարար գիտական գրադարան
ՀՀ,Երևան 0019
Մարշալ Բաղրամյան 24/6
հեռախոս:(374-10) 52-47-50
Հետադարձ կապ

All site content, except where otherwise noted, is licensed under a
Creative Commons License